000 00540nam a22001697a 4500
003 OSt
008 250916b |||||||| |||| 00| 0 eng d
020 _a9 789355 327024
041 _aeng
082 _a371.264
_bSHA/HO
100 _aSharma, Arun
_95454
245 _aHow to Prepare for Quantitative Aptitude for CAT:
_bCommon Admission Test & Other Management Examination
250 _a1st Reprint
260 _aChennai:
_bMcGraw Hill Edication Pvt Ltd,
_c2024.
300 _a1.138+11.281+111.114+1V+143+V.85+V1.56+V11.28p.
942 _cBK
999 _c19521
_d19521